000 00797cam a22002531 4500
999 _c529000
_d529000
001 1222236
003 NUST
005 20190918104419.0
008 751204s1960 dcua 000 0 eng
010 _a 60035464
038 _aMSOHAIL
040 _aDLC
_cWa
_dDLC
050 0 0 _aTL725.3.R8
_bW5
082 0 0 _a629.1363
110 2 _aWire Reinforcement Institute.
_bTechnical Committee.
_920857
245 1 0 _aDesign of concrete pavements for airports;
_bwelded wire fabric. [Manual no. AP11]
260 _aWashington,
_bWire Reinforcement Institute
_c[1960]
300 _a96 p.
_billus.
_c24 cm.
650 0 _aRunways (Aeronautics)
_920858
650 0 _aPavements, Concrete.
_920053
740 _aWelded wire fabric.
906 _a7
_bcbc
_corignew
_du
_eocip
_f19
_gy-gencatlg
942 _2ddc
_cBK